| Registos Bibliográficos associados ao registo de autoridade |
|
Etiqueta de registo: 00000nam 2200025 450 001 2285469 003 http://id.bnportugal.gov.pt/bib/catbnp/2285469 100 ## $a20260429d2024 k y0pory01030103ba 101 0# $aeng$dpor 102 ## $aPT 105 ## $aa m 000yy 106 ## $ar 200 1# $a An innovative cementitious geocomposite for smart infrastructure monitoring$fMohammad Mahdi Abedi$gorient. António Gomes Correia, Raul Manuel Esteves de Sousa Fangueiro 210 #9 $a[S.l.$cs.n.],$d2024 215 ## $aXXV, 279 p.$cil.$d30 cm 328 #1 $aTese dout. Engenharia Civil, Escola de Engenharia, Universidade do Minho, 2024 700 #0 $aMohammad,$bMahdi Abedi$31997230 702 #1 $aCorreia,$bAntónio Gomes$4727$3443763 702 #1 $aFangueiro,$bRaúl,$f1969-$4727$3961640 801 #0 $aPT$bBN$gRPC 966 ## $lBN$mFGMON$x1 971 ## $corlando$d20260429
|
|
|